000 00318nam a2200133Ia 4500
008 150301s2015 xx 000 0 und d
082 _a615.4
_bW14W
100 _aW.H.O
245 _aWHO MONOGRAPHY ON SELECTED MEDICINAL PLANTS
260 _bAITBS DELHI
300 _a289
650 _aPHARMACEUTICS
942 _2ddc
_cBK
999 _c7254
_d7254